| 000 | 00722cab a2200241 4500 | ||
|---|---|---|---|
| 001 | WB3244-11 | ||
| 008 | 090401t1996 xxu||||| |||| 00| 0 eng d | ||
| 035 | _a(Sirsi) u56178 | ||
| 041 | _aeng | ||
| 245 | _aPFI for health sector a headache | ||
| 260 | _c1996 | ||
| 350 | _a0 | ||
| 490 |
_aSunday Business _v17 November 1996, 24(2) |
||
| 520 | _aThe health sector is finding problems with proposed PFI schemes as NHS trusts cannot raise financial guarantees for the life of a scheme. | ||
| 650 | _aGUARANTEES | ||
| 650 | _aHOSPITAL BUILDING | ||
| 650 | _aNHS TRUSTS | ||
| 650 | _aPFI | ||
| 650 | _aPRISON BUILDING | ||
| 690 | _aPROPERTY-PROPERTY FINANCE AND INVESTMENT | ||
| 942 | _n0 | ||
| 948 | _c04/03/1997 | ||
| 999 |
_c34268 _d34268 |
||